UBT Library

Rëndësia dhe roli i investimeve të huaja në zhvillimin Ekonomik të vendit tonë (Record no. 54723)

000 -LEADER
fixed length control field 00331nam a22001217a 4500
008 - FIXED-LENGTH DATA ELEMENTS--GENERAL INFORMATION
fixed length control field 190312b xxu||||| |||| 00| 0 eng d
041 ## - LANGUAGE CODE
Language code of text/sound track or separate title eng
080 ## - UNIVERSAL DECIMAL CLASSIFICATION NUMBER
Universal Decimal Classification number 043.3
100 ## - Rafti
Rafti 0
101 ## - Shkurtesa
Shkurtesa MBE-BA
245 ## - TITLE STATEMENT
Title Rëndësia dhe roli i investimeve të huaja në zhvillimin Ekonomik të vendit tonë
Statement of responsibility, etc Haxhimurati,H
942 ## - ADDED ENTRY ELEMENTS (KOHA)
Source of classification or shelving scheme
Item type Books
Holdings
Withdrawn status Lost status Source of classification or shelving scheme Damaged status Not for loan Collection code Permanent location Current location Shelving location Date acquired Total Checkouts Full call number Barcode Date last seen Price effective from Koha item type
          Koleksioni i përgjithshem UBT - Lipjan UBT - Lipjan Disertacionet 03/12/2019   043.3 Haxhimurati,H 2018 002-3023578 03/12/2019 03/12/2019 Dissertation
UBT Library © 2015-2024. All rights reserved University Education for Business and Technology